Welcome to CU Library Online Public Access Catalogue (OPAC)

Banking ACT, 2004 (ACT 673) (Record no. 6792)

MARC details
000 -LEADER
fixed length control field 00349nam a22001457a 4500
003 - CONTROL NUMBER IDENTIFIER
control field OSt
005 - DATE AND TIME OF LATEST TRANSACTION
control field 20250630181634.0
008 - FIXED-LENGTH DATA ELEMENTS--GENERAL INFORMATION
fixed length control field 250630b |||||||| |||| 00| 0 eng d
040 ## - CATALOGING SOURCE
Transcribing agency DLC
110 ## - MAIN ENTRY--CORPORATE NAME
Corporate name or jurisdiction name as entry element Republic of Ghana
245 ## - TITLE STATEMENT
Title Banking ACT, 2004 (ACT 673)
260 ## - PUBLICATION, DISTRIBUTION, ETC.
Place of publication, distribution, etc. Accra ;
Name of publisher, distributor, etc. Assembly Press;
Date of publication, distribution, etc. c2002
300 ## - PHYSICAL DESCRIPTION
Extent 35 pages
942 ## - ADDED ENTRY ELEMENTS (KOHA)
Source of classification or shelving scheme Library of Congress Classification
Koha item type Books
Suppress in OPAC No
Holdings
Withdrawn status Lost status Source of classification or shelving scheme Damaged status Not for loan Collection Home library Current library Shelving location Date acquired Total checkouts Full call number Barcode Date last seen Copy number Price effective from Koha item type
    Library of Congress Classification     Non-fiction Law Library (Christ Temple) Law Library (Christ Temple) Reference 06/30/2025   KRX885.A292004 GHA LLCT00000775 06/30/2025 1 06/30/2025 Books
    Library of Congress Classification     Non-fiction Law Library (Christ Temple) Law Library (Christ Temple) Reference 06/30/2025   KRX885.A292004 GHA LLCT00000776 06/30/2025 2 06/30/2025 Books
© 2023-2024 Copyright: Central University Libraries. All Rights Reserved | Created by: Mahone Tech Office